CÁTALOGO MUNICIPAL







Los tesoros ocultos de la antiguedad / (Registro nro. 5451)

Detalles MARC
000 -Cabecera (24)
Campo de control interno 01075nam a2200229Ia 4500
005 - Fecha y hora de la
Campo de control 20240503162620.0
008 - Códigos de longitud fija (40p)
Campo de control de longitud fija 210122b ###||||| |||| 00| 0 spa d
020 ## - INTERNATIONAL STANDARD BOOK NUMBER
ISBN 978-84-96449-55-8
040 ## - Origen de la Catalogacion
Origen de la Catalogacion BIBLIOTECA MUNICIPAL DE BARRANCO
Transcribing agency BIBLIOTECA MUNICIPAL DE BARRANCO
082 ## - Número de la Clasificación
Número de la Clasificación 709.01
Número de documento/Ítem S55 2007
100 ## - Autor Personal
Autor Personal Siliotti Alberto
245 #0 - Titulo
Titulo Los tesoros ocultos de la antiguedad /
Mencion del autor Siliotti, Alberto
260 ## - Pie de imprenta
Ciudad Barcelona:
Editorial Reditar Libros,
Año 2007.
300 ## - Descripcion
Páginas 430 p. :
Otros detalles físicos il. col. ;
Dimensiones 37 cm.
500 ## - Nota General
Nota General Contiene glosario, índice, biografías, notas bibliográficas y referencias fotográficas
520 ## - Resumen
Resumen Reúne y describe las más extraordinarias creaciones artísticas de los pueblos, narrando los descubrimientos, de las civilizaciones desaparecidas, a la búsqueda de su sentido de la vida y de sus diferentes relaciones con el más allá
650 #0 - Temas - Descriptores
9 (RLIN) 3503
Temas - Descriptores ARTE ANTIGUO
650 #0 - Temas - Descriptores
9 (RLIN) 3504
Temas - Descriptores CIVILIZACION ANTIGUA
700 ## - Autor Personal
9 (RLIN) 3505
Autor Personal Albanese, Marilia... [y otros]
942 ## - Datos personalizados Koha
Tipo de Documento Libros
Esquema de Clasificacion Dewey Decimal Classification
Catalogador AAOH
Fecha procesamiento 2024-05-03
Existencias
Fuente de Clasificacion Deterioro (estado) Ubicacion permanente Ubicacion actual Fecha de Ingreso a la Biblioteca Numero inventario Prestamos Signatura Topográfica Código de barras Ultima fecha de verificacion Tipo de Item Ubicación en edificio Precio dolares
Dewey Decimal Classification   Biblioteca Municipal Manuel Beingolea Biblioteca Municipal Manuel Beingolea 01/08/2020 005420   709.01 S55 2007 005420 09/09/2022 Libros Sala - Estantería abierta  

  

  GERENCIA DE CULTURA Y TURISMO

  Biblioteca Municipal de Barranco

  Auspiciado por la Municipalidad Distrial de Barranco

  Horario de atención: De lunes a sábado de 8:00 am a 5:00 pm.

  Correo electrónico: biblioteca@munibarranco.gob.pe

  Teléfono :203-6730, anexo 303


Ubicación